000 00344nam a2200145Ia 4500
008 150201s2005 xx 000 0 und d
082 _a615.845
_bE05S
100 _aSINGH , JAGMOHAN
245 _aTB. OF ELECTROTHERAPY
250 _a1ST
260 _bJAYPEE
_aINDIA
_c2005
300 _a1-301
650 _aELECTROTHERAPY
942 _2ddc
_cBK
_018
999 _c1483
_d1483